Every Skilled Trade - Statistics

General Stats
  • This quiz has been taken 12 times
  • The average score is 13 of 37
Answer Stats
What they work with Trade % Correct
Water Pipes Plumber
100%
Wood Carpenter
83%
Wires Electrician
83%
Crops and Livestock Farmer
83%
Food Chef/Cook
75%
Cars Mechanic
75%
Stone Stone Mason
75%
Bricks Brick Layer
67%
Frames Framer
67%
Ores and Minerals Miner
67%
Paint Painter
67%
Gardens Landscaper
58%
Clothes Tailor
50%
Boilers Boilermaker
42%
Hair Hairdresser/Barber
42%
Trees Arborist
33%
Shingles Roofer
33%
Molten Metal Welder
33%
Iron and Steel Blacksmith
25%
Cabinetry Cabinet Maker
25%
Air HVAC
25%
Cranes Crane Operator
17%
Telephone Lines Lineman
17%
Scaffolding Scaffolder
17%
Molds/Dies Die Maker
8%
Insulation Insulator
8%
Leather Leatherworker
8%
Tools Toolsmith
8%
Concrete/Cement Cement Mason
0%
Walls Drywaller
0%
Elevators Elevator Mechanic
0%
Gas Pipes Gas Fitter
0%
Construction Equipment Heavy Equipment Operator
0%
Machinery Millwright
0%
Nuclear Power Nuclear Technician
0%
Sheet Metal Tinsmith
0%
Weapons Weaponsmith
0%
No matching quizzes found
Score Distribution
Percent of People with Each Score
Percentile by Number Answered
Your Score History
You have not taken this quiz